[Event "WLS-chA 68th"]
[Site "Cardiff"]
[Date "2024.03.31"]
[Round "5"]
[White "Zeidler, Sven P"]
[Black "Kett, Timothy"]
[Result "1/2-1/2"]
[WhiteElo "2136"]
[BlackElo "2120"]
[PlyCount "119"]
[EventDate "2024.03.29"]
[EventType "swiss"]
[EventRounds "7"]
[EventCountry "WLS"]
[SourceTitle "CB14_2024"]
[SourceDate "2024.04.01"]
[SourceVersion "1"]
[SourceVersionDate "2024.04.01"]
[SourceQuality "1"]

1. e4 c5 2. Nc3 Nc6 3. Bb5 g6 4. Bxc6 dxc6 5. d3 Bg7 6. Be3 b6 7. Qd2 e5 8. 0-0-0 Be6 9. Nf3 h6 10. h3 Qd7 11. Nh2 0-0-0 12. Qe2 Ne7 13. a4 Rhe8 14. a5 Qb7 15. b3 f5 16. f3 Kb8 17. Kb2 Nc8 18. Ra1 Nd6 19. axb6 axb6 20. Ra2 Kc7 21. Rha1 Ra8 22. Nf1 Rxa2+ 23. Rxa2 f4 24. Bf2 Ra8 25. Rxa8 Qxa8 26. Nd2 Nb5 27. Nxb5+ cxb5 28. Qe1 Qa5 29. Nb1 Bf8 30. Qc3 Bd6 31. Be1 b4 32. Qd2 b5 33. Qe2 c4 34. dxc4 bxc4 35. bxc4 Bc5 36. Bf2 Bxf2 37. Qxf2 Bxc4 38. Kc1 g5 39. h4 Qb6 40. Qxb6+ Kxb6 41. hxg5 hxg5 42. Nd2 Be2 43. Kb2 Kc5 44. c3 Bd1 45. Kc1 Ba4 46. cxb4+ Kd4 47. Nf1 Kc4 48. Kd2 Kxb4 49. Nh2 Bd7 50. Ke2 Kc3 51. Kf2 Kd3 52. Nf1 g4 53. g3 fxg3+ 54. Nxg3 gxf3 55. Kxf3 Bc6 56. Kf2 Bxe4 57. Nxe4 Kxe4 58. Ke2 Kd4 59. Kd2 e4 60. Ke2 1/2-1/2

[Event "WLS-chA 68th"]
[Site "Cardiff"]
[Date "2024.03.30"]
[Round "4"]
[White "Kett, Timothy"]
[Black "Bullen, Alex"]
[Result "1-0"]
[WhiteElo "2120"]
[BlackElo "2139"]
[PlyCount "57"]
[EventDate "2024.03.29"]
[EventType "swiss"]
[EventRounds "7"]
[EventCountry "WLS"]
[SourceTitle "CB14_2024"]
[SourceDate "2024.04.01"]
[SourceVersion "1"]
[SourceVersionDate "2024.04.01"]
[SourceQuality "1"]

1. e4 c6 2. d4 d5 3. e5 Bf5 4. Nf3 e6 5. Be2 Ne7 6. 0-0 h6 7. Re1 Nd7 8. Nbd2 g5 9. c4 Ng6 10. Nf1 g4 11. N3d2 Nf4 12. Ng3 Qg5 13. Ndf1 Bb4 14. Nxf5 exf5 15. cxd5 Bxe1 16. Qxe1 Nxe2+ 17. Qxe2 Qg6 18. dxc6 Qxc6 19. Ng3 Rc8 20. Bd2 Qa6 21. Qe3 Nb6 22. Nxf5 Nc4 23. Qf4 Qg6 24. Rc1 Kd7 25. d5 Nxe5 26. Qa4+ Nc6 27. dxc6+ bxc6 28. Ne3 Rc7 29. Qd4+ 1-0

[Event "WLS-chA 68th"]
[Site "Cardiff"]
[Date "2024.03.30"]
[Round "3"]
[White "Rees, Ioan"]
[Black "Kett, Timothy"]
[Result "1/2-1/2"]
[WhiteElo "2272"]
[BlackElo "2120"]
[PlyCount "65"]
[EventDate "2024.03.29"]
[EventType "swiss"]
[EventRounds "7"]
[EventCountry "WLS"]
[SourceTitle "CB14_2024"]
[SourceDate "2024.04.01"]
[SourceVersion "1"]
[SourceVersionDate "2024.04.01"]
[SourceQuality "1"]

1. d4 d6 2. Nf3 f5 3. Nc3 Nf6 4. Bg5 Nbd7 5. Qd3 e6 6. e4 fxe4 7. Nxe4 Be7 8. h4 Nxe4 9. Qxe4 Nf6 10. Bxf6 gxf6 11. Bd3 d5 12. Qg4 Kd7 13. c4 c6 14. cxd5 cxd5 15. Rc1 a6 16. 0-0 h5 17. Qg6 Qg8 18. Rfe1 Qxg6 19. Bxg6 Bb4 20. Re2 Rh6 21. Bf7 Kd6 22. a3 Ba5 23. b4 Bd8 24. Rce1 Rh7 25. Bxe6 Re7 26. Bxc8 Rxc8 27. Rxe7 Bxe7 28. Nd2 f5 29. Re5 Bf6 30. Rxf5 Bxd4 31. Nb3 Bb2 32. Nc5 Bxa3 33. Rf6+ 1/2-1/2

[Event "WLS-chA 68th"]
[Site "Cardiff"]
[Date "2024.03.29"]
[Round "2"]
[White "Kett, Timothy"]
[Black "Strugnell, Carl"]
[Result "1/2-1/2"]
[WhiteElo "2120"]
[BlackElo "2188"]
[PlyCount "62"]
[EventDate "2024.03.29"]
[EventType "swiss"]
[EventRounds "7"]
[EventCountry "WLS"]
[SourceTitle "CB14_2024"]
[SourceDate "2024.04.01"]
[SourceVersion "1"]
[SourceVersionDate "2024.04.01"]
[SourceQuality "1"]

1. e4 e5 2. Nf3 Nc6 3. Nc3 Nf6 4. g3 Bc5 5. Bg2 a6 6. 0-0 d6 7. d3 Nd4 8. Nxd4 Bxd4 9. Ne2 Ba7 10. d4 Qe7 11. c3 Nd7 12. Be3 h5 13. h4 Nf8 14. Qd2 Bg4 15. f3 Be6 16. f4 Bc4 17. b3 Bxe2 18. Qxe2 exf4 19. Bxf4 Ne6 20. Be3 g5 21. d5 Bxe3+ 22. Qxe3 Nc5 23. hxg5 Nd7 24. Bh3 Ne5 25. Rf6 Kf8 26. Raf1 Kg7 27. Qf4 Raf8 28. Bf5 Nd3 29. Qd2 Ne5 30. Qf4 Nd3 31. Qd2 Ne5 1/2-1/2

[Event "Hoogeveen op 26th"]
[Site "Hoogeveen"]
[Date "2023.10.23"]
[Round "3"]
[White "Boersma, Jan"]
[Black "Kett, Timothy"]
[Result "0-1"]
[WhiteElo "1997"]
[BlackElo "2130"]
[PlyCount "48"]
[EventDate "2023.10.21"]
[EventType "swiss"]
[EventRounds "9"]
[EventCountry "NED"]
[SourceTitle "Mega2024 Update 01"]
[Source "Chessbase"]
[SourceDate "2023.11.12"]
[SourceVersion "1"]
[SourceVersionDate "2023.11.12"]
[SourceQuality "1"]

1. e4 e5 2. Nf3 Nc6 3. Nc3 Nf6 4. Bb5 Nd4 5. 0-0 Nxb5 6. Nxb5 d6 7. Nc3 c5 8. d3 h6 9. Nd2 Be7 10. Nc4 0-0 11. a4 Be6 12. Qf3 Nh7 13. Ne3 Bg5 14. Nf5 g6 15. Nxh6+ Kg7 16. Ng4 f5 17. exf5 gxf5 18. Ne3 Bf4 19. Ned5 Ng5 20. Qe2 Bxc1 21. Raxc1 f4 22. f3 Rh8 23. b4 cxb4 24. Nxb4 Qb6+ 0-1

[Event "Hoogeveen op 26th"]
[Site "Hoogeveen"]
[Date "2023.10.21"]
[Round "1"]
[White "Lodici, Lorenzo"]
[Black "Kett, Timothy"]
[Result "1-0"]
[WhiteElo "2537"]
[BlackElo "2130"]
[PlyCount "107"]
[EventDate "2023.10.21"]
[EventType "swiss"]
[EventRounds "9"]
[EventCountry "NED"]
[SourceTitle "Mega2024 Update 01"]
[Source "Chessbase"]
[SourceDate "2023.11.12"]
[SourceVersion "1"]
[SourceVersionDate "2023.11.12"]
[SourceQuality "1"]

1. e4 e5 2. Nf3 Nc6 3. Bc4 Nf6 4. d3 Be7 5. Nc3 0-0 6. 0-0 d6 7. a3 Be6 8. Nd5 Bxd5 9. exd5 Nd4 10. Nxd4 exd4 11. b4 Qd7 12. Re1 Ng4 13. Re4 f5 14. Re6 Bh4 15. g3 Bf6 16. Bb3 Qf7 17. h3 Ne5 18. f4 Nd7 19. Bd2 Kh8 20. Qf3 Rg8 21. h4 Bd8 22. Bc1 Bf6 23. Bb2 Nf8 24. Re2 Re8 25. Rae1 Rxe2 26. Qxe2 Qg6 27. Kf2 Qh6 28. Qf3 Ng6 29. Re6 Nf8 30. Re2 b5 31. a4 a6 32. axb5 axb5 33. Re8 Nd7 34. Qe2 Nf8 35. Bc1 Qg6 36. Rb8 h6 37. Bd2 Nh7 38. Rxg8+ Kxg8 39. Qe6+ Kf8 40. Qc8+ Kf7 41. Qxc7+ Be7 42. Qb6 Qg4 43. Qxd4 Nf6 44. Qe3 Qh3 45. Qe6+ Kf8 46. Be1 Ng4+ 47. Ke2 Qg2+ 48. Kd1 Qf3+ 49. Kd2 Bf6 50. Qxd6+ Kf7 51. Qe6+ Kg6 52. d6 Nh2 53. Qe8+ Kh7 54. Bg8+ 1-0

[Event "Newcastle under Lyme"]
[Site "Newcastle under Lyme"]
[Date "2023.08.12"]
[Round "7"]
[White "Kett, Timothy"]
[Black "Walton, Alan J"]
[Result "1-0"]
[WhiteElo "2072"]
[BlackElo "2063"]
[PlyCount "61"]
[EventDate "2023.08.09"]
[EventType "tourn"]
[EventRounds "9"]
[EventCountry "ENG"]
[SourceTitle "CBM 215 Extra"]
[Source "ChessBase"]
[SourceDate "2023.09.30"]
[SourceVersion "1"]
[SourceVersionDate "2023.09.30"]
[SourceQuality "1"]

1. e4 e6 2. d4 d5 3. Nc3 Nf6 4. Bg5 Bb4 5. e5 h6 6. Bd2 Bxc3 7. bxc3 Ne4 8. Qg4 Kf8 9. Nf3 c5 10. Bd3 Nxd2 11. Kxd2 Nd7 12. h4 Qa5 13. h5 c4 14. Be2 Nb6 15. Rh3 Qa3 16. Nh4 Bd7 17. Rf3 Kg8 18. Qf4 Qe7 19. Rh1 Qg5 20. g4 Rf8 21. Qe3 Qxe3+ 22. Rxe3 Nc8 23. f4 Ne7 24. Rf1 f5 25. gxf5 Nxf5 26. Nxf5 Rxf5 27. Bg4 Rf8 28. Bh3 Kf7 29. Rg3 Rhg8 30. Rg6 Ke7 31. Ke3 1-0

[Event "Newcastle under Lyme"]
[Site "Newcastle under Lyme"]
[Date "2023.08.10"]
[Round "3"]
[White "Kett, Timothy"]
[Black "Okhai, Shabir"]
[Result "1-0"]
[WhiteElo "2072"]
[BlackElo "2135"]
[PlyCount "123"]
[EventDate "2023.08.09"]
[EventType "tourn"]
[EventRounds "9"]
[EventCountry "ENG"]
[SourceTitle "CBM 215 Extra"]
[Source "ChessBase"]
[SourceDate "2023.09.30"]
[SourceVersion "1"]
[SourceVersionDate "2023.09.30"]
[SourceQuality "1"]

1. e4 e5 2. Nc3 Nf6 3. Bc4 Nxe4 4. Qh5 Nd6 5. Bb3 Be7 6. Nf3 Nc6 7. Nxe5 g6 8. Nxc6 dxc6 9. Qd1 Nf5 10. d3 a5 11. 0-0 0-0 12. a4 Nd4 13. Ba2 Be6 14. Bxe6 Nxe6 15. Ne4 Re8 16. b3 f5 17. Nd2 Bf6 18. Rb1 Nf4 19. Ne4 Nh3+ 20. gxh3 fxe4 21. dxe4 Rxe4 22. Qf3 Qe7 23. Bd2 Rf8 24. Rbe1 Rxe1 25. Rxe1 Qc5 26. Bh6 Bg7 27. Qe3 Qxe3 28. Bxe3 Rd8 29. Bf4 Kf7 30. Re2 Rd7 31. Rd2 Re7 32. Rd8 Ke6 33. Kg2 Be5 34. Bg3 Bd6 35. Kf3 Kd5 36. c3 c5 37. Kg4 c4 38. bxc4+ Kxc4 39. Bxd6 cxd6 40. Rxd6 Kxc3 41. f4 Kb4 42. Rd4+ Kc5 43. Rd1 b5 44. axb5 Kxb5 45. h4 a4 46. h5 a3 47. hxg6 hxg6 48. Kg5 Rf7 49. h4 a2 50. Ra1 Ra7 51. Kxg6 Ra6+ 52. Kg5 Kb4 53. f5 Kb3 54. f6 Ra5+ 55. Kg6 Ra4 56. f7 Rg4+ 57. Kf5 Rg2 58. Rf1 Rf2+ 59. Rxf2 a1Q 60. f8Q Qb1+ 61. Kg5 Qc1+ 62. Kh5 1-0

[Event "South Wales op 18th"]
[Site "Bridgend"]
[Date "2023.07.08"]
[Round "3"]
[White "Kett, Timothy"]
[Black "Thomas, James M"]
[Result "1/2-1/2"]
[WhiteElo "2062"]
[BlackElo "1905"]
[PlyCount "64"]
[EventDate "2023.07.07"]
[EventType "swiss"]
[EventRounds "9"]
[EventCountry "WLS"]
[SourceTitle "CBM 215 Extra"]
[Source "ChessBase"]
[SourceDate "2023.09.30"]
[SourceVersion "1"]
[SourceVersionDate "2023.09.30"]
[SourceQuality "1"]

1. e4 e5 2. f4 d5 3. exd5 exf4 4. Nf3 Nf6 5. Nc3 Nxd5 6. Nxd5 Qxd5 7. d4 Bd6 8. c4 Qe6+ 9. Kf2 Qf6 10. Bd3 0-0 11. Bd2 Bg4 12. Bc3 Nd7 13. Qc2 Bxf3 14. gxf3 Qh4+ 15. Kg2 Rfe8 16. Rae1 Be7 17. Rhg1 Qh5 18. Re4 Bg5 19. Qe2 f5 20. Re6 Nf8 21. Bxf5 Nxe6 22. Bxe6+ Kh8 23. d5 Qh6 24. Qe5 Bf6 25. Qxc7 Bxc3 26. bxc3 Qf6 27. Rc1 Qg6+ 28. Kf2 Qd3 29. Qxf4 Rf8 30. Qe3 Qxc4 31. d6 Qh4+ 32. Kg2 h6 1/2-1/2

[Event "Frome op 32nd"]
[Site "Frome"]
[Date "2023.05.13"]
[Round "2"]
[White "Kett, Timothy"]
[Black "Arkell, Keith C"]
[Result "0-1"]
[WhiteElo "2071"]
[BlackElo "2390"]
[PlyCount "68"]
[EventDate "2023.05.12"]
[EventType "swiss"]
[EventRounds "5"]
[EventCountry "ENG"]
[SourceTitle "EXT 2024"]
[Source "ChessBase"]
[SourceDate "2023.10.10"]
[SourceVersion "1"]
[SourceVersionDate "2023.10.10"]
[SourceQuality "1"]

1. e4 c6 2. d4 d5 3. e5 c5 4. dxc5 Nc6 5. Bf4 e6 6. Nf3 Bxc5 7. c3 Nge7 8. Bd3 Ng6 9. Bg3 f5 10. h4 0-0 11. h5 Nh8 12. Nbd2 a5 13. Qc2 Nf7 14. 0-0-0 Bd7 15. Bf4 Qb8 16. Rde1 Bb6 17. g4 Nb4 18. Qb1 Nxd3+ 19. Qxd3 fxg4 20. Nh2 Nd6 21. Be3 Bb5 22. c4 Bxe3 23. exd6 Bxd2+ 24. Qxd2 Bxc4 25. h6 Qxd6 26. hxg7 Rf4 27. Reg1 Bxa2 28. Nxg4 Rc8+ 29. Kd1 Bb3+ 30. Ke1 Re4+ 31. Ne3 Qe5 32. Kf1 d4 33. Qd3 dxe3 34. Qxb3 Rc1+ 0-1

[Event "WLS-ch 67th"]
[Site "Cardiff"]
[Date "2023.04.08"]
[Round "3"]
[White "Smith, Lynda"]
[Black "Kett, Timothy"]
[Result "0-1"]
[WhiteElo "1786"]
[BlackElo "2090"]
[PlyCount "58"]
[EventDate "2023.04.07"]
[EventType "swiss"]
[EventRounds "7"]
[EventCountry "WLS"]
[SourceTitle "CBM 213 Extra"]
[Source "ChessBase"]
[SourceDate "2023.05.31"]
[SourceVersion "1"]
[SourceVersionDate "2023.05.31"]
[SourceQuality "1"]

1. e4 d6 2. d4 Nf6 3. Nc3 c6 4. f4 Qa5 5. Bd2 e5 6. dxe5 dxe5 7. fxe5 Ng4 8. Nf3 Bc5 9. Bc4 0-0 10. Rf1 b5 11. Bd3 b4 12. Qe2 bxc3 13. Bxc3 Bb4 14. Bxb4 Qxb4+ 15. c3 Qc5 16. h3 Nxe5 17. Nxe5 Qxe5 18. 0-0-0 Be6 19. Kb1 Nd7 20. Bc4 Nc5 21. Rd4 Rad8 22. Bxe6 fxe6 23. Rfd1 Rxd4 24. Rxd4 Rf4 25. Qd1 Rxe4 26. Rd8+ Kf7 27. Rd7+ Nxd7 28. Qxd7+ Kg6 29. Qe8+ Kh6 0-1

[Event "BCF-chT 2223 (4NCL)"]
[Site "England"]
[Date "2023.03.19"]
[Round "8.5"]
[White "Kisteneva, Liza"]
[Black "Kett, Timothy"]
[Result "1-0"]
[WhiteElo "2057"]
[BlackElo "2124"]
[PlyCount "57"]
[EventDate "2022.10.22"]
[EventType "team-swiss"]
[EventRounds "11"]
[EventCountry "ENG"]
[SourceTitle "CBM 213 Extra"]
[Source "ChessBase"]
[SourceDate "2023.05.31"]
[SourceVersion "1"]
[SourceVersionDate "2023.05.31"]
[SourceQuality "1"]
[WhiteTeam "Chessable White Rose II"]
[BlackTeam "West is Best"]
[WhiteTeamCountry "ENG"]
[BlackTeamCountry "ENG"]

1. c4 e5 2. Nc3 Bb4 3. Nf3 Bxc3 4. bxc3 Qe7 5. Qc2 Nf6 6. e4 d6 7. g3 0-0 8. Bg2 c5 9. 0-0 Nc6 10. d3 Nh5 11. Qe2 g6 12. Ne1 Ng7 13. Nc2 f5 14. exf5 Bxf5 15. Ne3 Rae8 16. Nd5 Qd8 17. h4 Qc8 18. Bg5 Kh8 19. Nf6 Re6 20. Ne4 h5 21. Bd2 Nd8 22. Ng5 Ree8 23. Bd5 Bg4 24. f3 Bd7 25. Ne4 Nf5 26. g4 Nxh4 27. Nxd6 Qc7 28. Nxe8 Bxe8 29. Bg5 1-0

[Event "Cardiff Welsh Spring op"]
[Site "Cardiff"]
[Date "2023.03.04"]
[Round "3"]
[White "Kett, Timothy"]
[Black "Mba, Reginald"]
[Result "1-0"]
[WhiteElo "2124"]
[BlackElo "1811"]
[PlyCount "51"]
[EventDate "2023.03.04"]
[EventType "swiss"]
[EventRounds "5"]
[EventCountry "WLS"]
[SourceTitle "EXT 2024"]
[Source "ChessBase"]
[SourceDate "2023.10.10"]
[SourceVersion "1"]
[SourceVersionDate "2023.10.10"]
[SourceQuality "1"]

1. e4 c6 2. d4 d5 3. e5 c5 4. dxc5 e6 5. a3 Bxc5 6. b4 Bb6 7. Qg4 Kf8 8. Nf3 Qc7 9. Bd3 Ne7 10. 0-0 Ng6 11. Bb2 Nc6 12. Re1 a6 13. Nbd2 Qe7 14. c4 dxc4 15. Nxc4 Bc7 16. Rad1 b5 17. Nd6 Ncxe5 18. Nxe5 Bxd6 19. Bxg6 hxg6 20. Rxd6 Qxd6 21. Qf4 Kg8 22. Qxf7+ Kh7 23. Qxg6+ Kg8 24. Ng4 Qe7 25. Bxg7 Qxg7 26. Nf6+ 1-0

[Event "Cardiff Welsh Spring op"]
[Site "Cardiff"]
[Date "2023.03.04"]
[Round "1"]
[White "Kett, Timothy"]
[Black "Wu, Yuxuan1111"]
[Result "1/2-1/2"]
[WhiteElo "2124"]
[BlackElo "1549"]
[PlyCount "69"]
[EventDate "2023.03.04"]
[EventType "swiss"]
[EventRounds "5"]
[EventCountry "WLS"]
[SourceTitle "EXT 2024"]
[Source "ChessBase"]
[SourceDate "2023.10.10"]
[SourceVersion "1"]
[SourceVersionDate "2023.10.10"]
[SourceQuality "1"]

1. e4 c5 2. Nf3 e6 3. d4 cxd4 4. Nxd4 a6 5. Bd3 Bc5 6. Nb3 Be7 7. Nc3 Qc7 8. 0-0 d6 9. Be3 Nd7 10. f4 b5 11. a4 b4 12. Nb1 Bb7 13. N1d2 d5 14. Qf3 Nc5 15. Nxc5 Bxc5 16. Nb3 Bxe3+ 17. Qxe3 dxe4 18. Bxe4 Rc8 19. f5 Bxe4 20. Qxe4 Qb6+ 21. Kh1 Nf6 22. a5 Qd6 23. Qe2 0-0 24. Rad1 Qc6 25. Nd4 Qe4 26. Qxa6 e5 27. Rfe1 Qf4 28. Rf1 Qh4 29. Nf3 Qe4 30. Rde1 Qxc2 31. Re2 Qxf5 32. Rxe5 Qc2 33. Re2 Qc5 34. Re5 Qc2 35. Re2 1/2-1/2

[Event "Hastings Masters op"]
[Site "Hastings"]
[Date "2023.01.05"]
[Round "9"]
[White "Kett, Timothy"]
[Black "Shepley, Julien M"]
[Result "1-0"]
[WhiteElo "2184"]
[BlackElo "1848"]
[PlyCount "105"]
[EventDate "2022.12.28"]
[EventType "swiss"]
[EventRounds "10"]
[EventCountry "ENG"]
[SourceTitle "CBM 212 Extra"]
[Source "ChessBase"]
[SourceDate "2023.03.31"]
[SourceVersion "1"]
[SourceVersionDate "2023.03.31"]
[SourceQuality "1"]

1. e4 d5 2. exd5 Qxd5 3. Nf3 Nc6 4. Be2 Bg4 5. h3 Bxf3 6. Bxf3 Qe5+ 7. Qe2 Qxe2+ 8. Bxe2 Nd4 9. Bd1 0-0-0 10. c3 Nc6 11. d4 e6 12. 0-0 Nf6 13. Nd2 Be7 14. Bf3 Nb8 15. Nc4 Nbd7 16. Re1 Nb6 17. Ne5 Rhf8 18. a4 a5 19. b4 Nfd7 20. bxa5 Nxe5 21. Rxe5 Nc4 22. Rh5 Rh8 23. a6 bxa6 24. Be2 g6 25. Rg5 Bxg5 26. Bxg5 Nd6 27. Bxa6+ Kd7 28. Bxd8 Rxd8 29. Bd3 Ra8 30. a5 c6 31. f4 Nb5 32. Bxb5 cxb5 33. Kf2 Ra6 34. Ke3 Kd6 35. g4 f5 36. gxf5 gxf5 37. Kd3 Kd5 38. h4 h5 39. Ra2 Kd6 40. c4 bxc4+ 41. Kxc4 Kc6 42. Kb4 Kd5 43. Kb5 Ra8 44. a6 Rb8+ 45. Ka5 Kxd4 46. Re2 Kd5 47. a7 Rf8 48. Kb6 Rg8 49. Kb7 Rg7+ 50. Ka6 Rg8 51. Re5+ Kd6 52. Rb5 Ra8 53. Kb7 1-0

[Event "Hastings Masters op"]
[Site "Hastings"]
[Date "2023.01.04"]
[Round "8"]
[White "Jacobs, Robert"]
[Black "Kett, Timothy"]
[Result "1-0"]
[WhiteElo "1905"]
[BlackElo "2184"]
[PlyCount "77"]
[EventDate "2022.12.28"]
[EventType "swiss"]
[EventRounds "10"]
[EventCountry "ENG"]
[SourceTitle "CBM 212 Extra"]
[Source "ChessBase"]
[SourceDate "2023.03.31"]
[SourceVersion "1"]
[SourceVersionDate "2023.03.31"]
[SourceQuality "1"]

1. d4 g6 2. Nf3 Bg7 3. g3 f5 4. Bg2 Nf6 5. b3 0-0 6. Bb2 d6 7. 0-0 a5 8. c4 c6 9. Nbd2 Qc7 10. Qc2 Na6 11. a3 Bd7 12. Rac1 Rae8 13. c5 dxc5 14. dxc5 e5 15. e4 Kh8 16. Rfe1 f4 17. gxf4 exf4 18. h3 Be6 19. Be5 Qd7 20. Kh2 Nh5 21. Bd6 Rg8 22. e5 Nc7 23. Ng5 Bf5 24. Be4 Bxe4 25. Qxe4 Ne6 26. Ndf3 Bh6 27. Nxe6 Rxe6 28. b4 axb4 29. axb4 Ra8 30. Ra1 Rxa1 31. Rxa1 Ng7 32. Nd4 Re8 33. b5 Ne6 34. bxc6 bxc6 35. Qxc6 Qf7 36. Nxe6 Rxe6 37. Ra8+ Kg7 38. Qe4 f3 39. Bf8+ 1-0

[Event "Hastings Masters op"]
[Site "Hastings"]
[Date "2023.01.01"]
[Round "5"]
[White "Kett, Timothy"]
[Black "Ismail, Mohammed Aayan"]
[Result "0-1"]
[WhiteElo "2184"]
[BlackElo "1963"]
[PlyCount "72"]
[EventDate "2022.12.28"]
[EventType "swiss"]
[EventRounds "10"]
[EventCountry "ENG"]
[SourceTitle "CBM 212 Extra"]
[Source "ChessBase"]
[SourceDate "2023.03.31"]
[SourceVersion "1"]
[SourceVersionDate "2023.03.31"]
[SourceQuality "1"]

1. e4 c6 2. d4 d5 3. e5 Bf5 4. h4 h5 5. Bg5 Qb6 6. Bd3 Bxd3 7. Qxd3 e6 8. Nd2 Ne7 9. Ngf3 Nd7 10. 0-0 Nf5 11. c4 Qa6 12. Rfe1 dxc4 13. Nxc4 Nb6 14. b3 Be7 15. Bxe7 Kxe7 16. Qd2 Nd5 17. Ne3 Nfxe3 18. fxe3 Qa3 19. e4 Nb6 20. Rf1 Raf8 21. Rf2 Kd7 22. Raf1 Qe7 23. Qa5 Kc7 24. d5 exd5 25. exd5 cxd5 26. Nd4 Kb8 27. Nb5 Nc8 28. Rc1 a6 29. Rc7 Qxe5 30. Re2 Qf6 31. Rf2 Qa1+ 32. Rf1 Qe5 33. Re1 Qf6 34. Rf1 Qb6+ 35. Qxb6 Nxb6 36. Re1 Nc8 0-1

[Event "Hastings Masters op"]
[Site "Hastings"]
[Date "2022.12.30"]
[Round "3"]
[White "Kett, Timothy"]
[Black "Harari, Zaki"]
[Result "1-0"]
[WhiteElo "2184"]
[BlackElo "2030"]
[PlyCount "86"]
[EventDate "2022.12.28"]
[EventType "swiss"]
[EventRounds "10"]
[EventCountry "ENG"]
[SourceTitle "CBM 212 Extra"]
[Source "ChessBase"]
[SourceDate "2023.03.31"]
[SourceVersion "1"]
[SourceVersionDate "2023.03.31"]
[SourceQuality "1"]

1. e4 c5 2. Nf3 e6 3. d4 cxd4 4. Nxd4 Nf6 5. Nc3 Nc6 6. Ndb5 Bc5 7. Nd6+ Ke7 8. Bf4 e5 9. Nf5+ Kf8 10. Be3 d6 11. Bxc5 dxc5 12. Qxd8+ Nxd8 13. 0-0-0 Bxf5 14. exf5 Nc6 15. Bb5 Nd4 16. Rhe1 a6 17. Bd3 Nd7 18. Be4 Rb8 19. Nd5 h5 20. c3 Nc6 21. Ne3 Ke7 22. Bxc6 bxc6 23. Nc4 f6 24. Rd6 Nb6 25. Re6+ Kf8 26. Nxb6 Rxb6 27. Rd1 Kg8 28. Rdd6 h4 29. Re8+ Kh7 30. Rxh8+ Kxh8 31. b3 Kh7 32. Kc2 Kh6 33. Kd3 Kg5 34. Kc4 e4 35. Kxc5 Rb5+ 36. Kxc6 Rb8 37. c4 Kxf5 38. Kc7 Re8 39. c5 h3 40. gxh3 Kf4 41. Kd7 Rh8 42. c6 Kf3 43. Rd2 Kf4 1-0

[Event "BCF-chT 2223 (4NCL)"]
[Site "England"]
[Date "2022.10.23"]
[Round "2.6"]
[White "McDonald, Neil R"]
[Black "Kett, Timothy"]
[Result "1-0"]
[WhiteElo "2410"]
[BlackElo "2191"]
[PlyCount "119"]
[EventDate "2022.10.22"]
[EventType "team-swiss"]
[EventRounds "11"]
[EventCountry "ENG"]
[SourceTitle "CBM 210 Extra"]
[Source "ChessBase"]
[SourceDate "2022.11.30"]
[SourceVersion "1"]
[SourceVersionDate "2022.11.30"]
[SourceQuality "1"]
[WhiteTeam "Wood Green"]
[BlackTeam "West is Best"]
[WhiteTeamCountry "ENG"]
[BlackTeamCountry "ENG"]

1. e4 e5 2. Nf3 Nc6 3. Bb5 a6 4. Ba4 Nf6 5. Qe2 d6 6. Bxc6+ bxc6 7. d4 exd4 8. Nxd4 c5 9. Nf3 Be7 10. 0-0 0-0 11. Nc3 Bb7 12. Rd1 Nd7 13. Nd5 Bxd5 14. exd5 Bf6 15. c3 Re8 16. Qd3 Qe7 17. Be3 Ne5 18. Nxe5 Qxe5 19. Rab1 Qe4 20. c4 a5 21. a4 Qh4 22. b3 Re7 23. Qf5 g6 24. Qf3 Bd4 25. Bxd4 cxd4 26. g3 Qe4 27. Qxe4 Rxe4 28. Kf1 Rb8 29. Rd3 Kg7 30. Rbd1 f5 31. Re1 Kf6 32. f3 Rxe1+ 33. Kxe1 Ke5 34. Kd2 g5 35. Kc2 g4 36. fxg4 fxg4 37. Rd1 d3+ 38. Rxd3 Rf8 39. Rd2 h5 40. b4 axb4 41. Kb3 Rf1 42. Kxb4 Rb1+ 43. Kc3 Rc1+ 44. Kb3 Rb1+ 45. Rb2 Ra1 46. Ra2 Rb1+ 47. Kc2 Rh1 48. Kc3 Rc1+ 49. Rc2 Ra1 50. Re2+ Kf5 51. Kb3 Rb1+ 52. Rb2 Ra1 53. Kb4 Ke4 54. a5 Kd4 55. Kb5 Kc3 56. Rb4 Ra2 57. Ra4 Rb2+ 58. Kc6 Kb3 59. Ra1 Kxc4 60. a6 1-0

[Event "BCF-chT 2223 (4NCL)"]
[Site "England"]
[Date "2022.10.22"]
[Round "1.5"]
[White "Kett, Timothy"]
[Black "Duessler, Stefanie"]
[Result "1/2-1/2"]
[WhiteElo "2191"]
[BlackElo "2093"]
[PlyCount "102"]
[EventDate "2022.10.22"]
[EventType "team-swiss"]
[EventRounds "11"]
[EventCountry "ENG"]
[SourceTitle "CBM 210 Extra"]
[Source "ChessBase"]
[SourceDate "2022.11.30"]
[SourceVersion "1"]
[SourceVersionDate "2022.11.30"]
[SourceQuality "1"]
[WhiteTeam "West is Best"]
[BlackTeam "Celtic Tigers"]
[WhiteTeamCountry "ENG"]
[BlackTeamCountry "ENG"]

1. e4 c5 2. Nf3 e6 3. d4 cxd4 4. Nxd4 Nc6 5. Nc3 Qc7 6. f4 a6 7. Nxc6 bxc6 8. Bd3 d5 9. 0-0 Nf6 10. b3 Be7 11. Bb2 c5 12. Qe2 c4 13. exd5 cxd3 14. Qxd3 exd5 15. Nxd5 Qc5+ 16. Ne3 0-0 17. Bd4 Qc6 18. Rf3 Ne4 19. f5 Bb7 20. c4 Bc5 21. Nd5 Bxd4+ 22. Qxd4 Qc5 23. Qxc5 Nxc5 24. Rd1 Rfd8 25. f6 Bxd5 26. cxd5 Rd6 27. fxg7 Rad8 28. b4 Nd7 29. a4 Ne5 30. Rb3 Rxd5 31. Rxd5 Rxd5 32. b5 axb5 33. Rxb5 Rxb5 34. axb5 Nd7 35. Kf2 Kxg7 36. Ke3 Kf6 37. Kd4 Ke6 38. g4 Kd6 39. Ke4 Ke6 40. h4 Nf6+ 41. Kf4 Kd5 42. g5 Nh5+ 43. Kf5 Kc5 44. Ke5 Kxb5 45. Kd6 f5 46. gxf6 Nxf6 47. Ke6 Nh5 48. Kf5 Kc5 49. Kg5 Ng3 50. Kh6 Nf5+ 51. Kxh7 Nxh4 1/2-1/2

[Event "Newcastle Northumbria Masters"]
[Site "Newcastle on Tyne"]
[Date "2022.08.30"]
[Round "9"]
[White "Kett, Timothy"]
[Black "Atako, Chino"]
[Result "0-1"]
[WhiteElo "2197"]
[BlackElo "2007"]
[PlyCount "98"]
[EventDate "2022.08.26"]
[EventType "swiss"]
[EventRounds "9"]
[EventCountry "ENG"]
[SourceTitle "CBM 210 Extra"]
[Source "ChessBase"]
[SourceDate "2022.11.30"]
[SourceVersion "1"]
[SourceVersionDate "2022.11.30"]
[SourceQuality "1"]

1. e4 d6 2. d4 Nf6 3. Nc3 e5 4. Nf3 Nbd7 5. Bc4 Be7 6. 0-0 0-0 7. Re1 c6 8. a4 a5 9. b3 exd4 10. Nxd4 Nb6 11. Bd3 Be6 12. Bb2 g6 13. Nxe6 fxe6 14. e5 dxe5 15. Qe2 Bc5 16. Qxe5 Bxf2+ 17. Kh1 Bd4 18. Qxe6+ Kg7 19. Rad1 Re8 20. Qh3 Qd7 21. Qxd7+ Nbxd7 22. Be2 c5 23. g3 Ne5 24. h3 Rad8 25. Bb5 Nc6 26. Kg2 Rf8 27. Bxc6 bxc6 28. Re7+ Kg8 29. Rde1 c4 30. bxc4 Rb8 31. Ba1 Rb4 32. Ne2 Bxa1 33. Rxa1 Rxc4 34. Rb1 Nd5 35. Re6 Rxc2 36. Rb7 Rf7 37. Rb8+ Rf8 38. Rxf8+ Kxf8 39. Kf3 Kf7 40. Re4 Nb4 41. Nd4 Rc3+ 42. Kg4 Nd5 43. Kh4 h6 44. Ne2 g5+ 45. Kh5 Nf6+ 46. Kxh6 Nxe4 47. Nxc3 Nxc3 48. Kxg5 Nxa4 49. h4 Nc3 0-1